000 00528nam a22001937a 4500
005 20150511124235.0
010 _aENG-112659
020 _a9789380224183
_c250.00
035 _aEN-96191
037 _bDBAD/PUB
082 _aN
100 _a Barnabas, Sarala
245 0 0 _aNayantara :
_cby Sarala Barnabas
_ba novel /
250 _a2nd ed
260 _aJaipur
_bShruti Publications
_c2013
270 _a50- Ka-6,Jyoti Nagar,
_bJaipur
_e302005
300 _aviii,176p.
_c22cm(pbk)
942 _2ddc
_cEN
_mBAR
_hN
999 _c92857
_d92857